| Tag |
First Indicator |
Second Indicator |
Subfields |
| LEADER |
00000cam a2200000 a 4500 |
| 001 |
in00001029321 |
| 005 |
20150928121806.0 |
| 008 |
890510s1990 nyua b 001 0 eng |
| 010 |
|
|
|a 89008361
|
| 020 |
|
|
|a 0070133476 :
|c $25.95
|
| 035 |
|
|
|a (OCoLC)19775871
|
| 035 |
|
|
|9 AFG1103AM
|
| 040 |
|
|
|a DLC
|c DLC
|d TXA
|d UtOrBLW
|
| 049 |
|
|
|a TXAM
|
| 050 |
0 |
0 |
|a U264
|b .C73 1990
|
| 082 |
0 |
0 |
|a 355.8/25119
|2 20
|
| 100 |
1 |
|
|a Craig, Paul P.
|
| 245 |
1 |
0 |
|a Nuclear arms race :
|b technology and society /
|c Paul P. Craig, John A. Jungerman.
|
| 250 |
|
|
|a 2nd ed.
|
| 264 |
|
1 |
|a New York :
|b McGraw-Hill Pub. Co.,
|c [1990]
|
| 264 |
|
4 |
|c ©1990
|
| 300 |
|
|
|a xvii, 554 pages :
|b illustrations ;
|c 24 cm.
|
| 336 |
|
|
|a text
|b txt
|2 rdacontent
|
| 337 |
|
|
|a unmediated
|b n
|2 rdamedia
|
| 338 |
|
|
|a volume
|b nc
|2 rdacarrier
|
| 504 |
|
|
|a Bibliography: pages 516-526.
|
| 500 |
|
|
|a Includes index.
|
| 650 |
|
0 |
|a Nuclear weapons.
|
| 650 |
|
0 |
|a Nuclear warfare.
|
| 650 |
|
0 |
|a Arms race
|x History
|y 20th century.
|
| 700 |
1 |
|
|a Jungerman, John A.
|
| 999 |
|
|
|a MARS
|
| 999 |
f |
f |
|s 4b694583-9461-3923-b0f4-09734b3cba41
|i 3c204dd8-4ba8-3ccb-8354-334a23e32b29
|t 0
|
| 952 |
f |
f |
|p ric
|a Texas A&M University
|b Rellis Campus
|c Joint Library Facility
|d Remote Storage
|t 0
|e U264 .C73 1990
|h Library of Congress classification
|i unmediated -- volume
|m A14815460474
|
| 998 |
f |
f |
|a U264 .C73 1990
|t 0
|l Remote Storage
|